Women, crime and justice in context : (Record no. 31835)

MARC details
000 -LEADER
fixed length control field 04474cam a22004338i 4500
001 - CONTROL NUMBER
control field 22178129
003 - CONTROL NUMBER IDENTIFIER
control field PAC University
005 - DATE AND TIME OF LATEST TRANSACTION
control field 20240226120833.0
008 - FIXED-LENGTH DATA ELEMENTS--GENERAL INFORMATION
fixed length control field 210816s2022 enk b 001 0 eng
010 ## - LIBRARY OF CONGRESS CONTROL NUMBER
LC control number 2021039228
020 ## - INTERNATIONAL STANDARD BOOK NUMBER
International Standard Book Number 9780367321420
Qualifying information (hardback)
020 ## - INTERNATIONAL STANDARD BOOK NUMBER
International Standard Book Number 9780367321437
Qualifying information (paperback)
020 ## - INTERNATIONAL STANDARD BOOK NUMBER
Canceled/invalid ISBN 9780429316975
Qualifying information (ebook)
040 ## - CATALOGING SOURCE
Original cataloging agency DLC
Language of cataloging eng
Description conventions rda
Transcribing agency PAC University
Modifying agency PAC University
042 ## - AUTHENTICATION CODE
Authentication code pcc
043 ## - GEOGRAPHIC AREA CODE
Geographic area code u-at---
-- u-nz---
050 00 - LIBRARY OF CONGRESS CALL NUMBER
Classification number HV6020
Item number .W66 2022
082 00 - DEWEY DECIMAL CLASSIFICATION NUMBER
Classification number 364.082
Edition number 23
245 00 - TITLE STATEMENT
Title Women, crime and justice in context :
Remainder of title contemporary perspectives in feminist criminology from Australia and New Zealand /
Statement of responsibility, etc. edited by: Anita Gibbs and Fairleigh Evelyn Gilmour.
263 ## - PROJECTED PUBLICATION DATE
Projected publication date 2201
264 #1 - PRODUCTION, PUBLICATION, DISTRIBUTION, MANUFACTURE, AND COPYRIGHT NOTICE
Place of production, publication, distribution, manufacture Milton Park, Abingdon, Oxon ;
-- New York, NY :
Name of producer, publisher, distributor, manufacturer Routledge,
Date of production, publication, distribution, manufacture, or copyright notice 2022.
300 ## - PHYSICAL DESCRIPTION
Extent x, 270p. :
Other physical details ill. ;
Dimensions 24cm.
336 ## - CONTENT TYPE
Content type term text
Content type code txt
Source rdacontent
337 ## - MEDIA TYPE
Media type term unmediated
Media type code n
Source rdamedia
338 ## - CARRIER TYPE
Carrier type term volume
Carrier type code nc
Source rdacarrier
504 ## - BIBLIOGRAPHY, ETC. NOTE
Bibliography, etc Includes bibliographical references and index.
505 0# - FORMATTED CONTENTS NOTE
Formatted contents note Introduction / Fairleigh Evelyn Gilmour and Anita Gibbs -- Feminist criminology / Fairleigh Evelyn Gilmour -- Gender and victimology: a necessary pairing / Jan Jordan -- Gender, criminal law and violence against women: mapping the limits of legal interventions and approaches to reform / Kate Fitz-Gibbon -- Women in the criminal justice system / Kate Seymour -- Sex work, feminism and the legal system: Aotearoa in a global context / Lynzi Armstrong -- Women, crime and the media / Fairleigh Evelyn Gilmour -- Violence against women in true crime podcasts: beyond representation and on to justice in the late-modern landscape / Laura Vitus -- Restorative justice in the context of gender-based violence and harm / Andrea Păroşanu -- Punishment in the community: community sentences and gender / Anita Gibbs -- Post-prison experiences and women / Kirsten Gibson -- Women, incarceration and settler colonial control / Tracey McIntosh -- Queer criminology / Angela Dwyer -- Women and girls with neurodisabilities and mental health issues in the criminal justice system / Anita Gibbs -- "Nothing about us, without us": centring the voices of criminalised women / Debbie Kilroy and Suzi Quixley -- Women and crimmigration / Brandy Cochrane -- Feminist prison abolitionism / Ti Lamusse -- Conclusion / Anita Gibbs and Fairleigh Evelyn Gilmour.
520 ## - SUMMARY, ETC.
Summary, etc. "This book presents contemporary feminist approaches to key issues in criminal justice. It draws together key researchers from Australia and New Zealand to offer a context-specific textbook that covers all of the major debates in the discipline in an accessible way. This book examines both the foundational texts and cutting-edge contributions to the topic and acknowledges the unique challenges and debates in the local Australian and New Zealand context. Written as an entry-level text, it introduces undergraduate students to key theories, research and and debates on the topics of offending, victimization and the criminal justice system. It explores key topics in feminist criminology with chapters exploring sex work, prison abolitionism, community punishment, media representations of crime and victims, and the impacts of digital technology on gendered violence. Centring on an intersectional approach, the book includes chapters that focus on disability, queer criminology, indigenous perspectives, migration and service-user perspectives. The book concludes by exploring future directions in feminist approaches to crime and justice. This textbook will be essential reading for undergraduates and researchers studying feminist criminology, gender and crime, queer criminology, socio-legal studies, intersectionality, sociology and criminal justice"--
Assigning source Provided by publisher.
650 #0 - SUBJECT ADDED ENTRY--TOPICAL TERM
Topical term or geographic name as entry element Feminist criminology
Geographic subdivision Australia.
650 #0 - SUBJECT ADDED ENTRY--TOPICAL TERM
Topical term or geographic name as entry element Feminist criminology
Geographic subdivision New Zealand.
650 #0 - SUBJECT ADDED ENTRY--TOPICAL TERM
Topical term or geographic name as entry element Female offenders
Geographic subdivision Australia.
650 #0 - SUBJECT ADDED ENTRY--TOPICAL TERM
Topical term or geographic name as entry element Female offenders
Geographic subdivision New Zealand.
700 1# - ADDED ENTRY--PERSONAL NAME
Personal name Gibbs, Anita,
Relator term editor.
700 1# - ADDED ENTRY--PERSONAL NAME
Personal name Gilmour, Fairleigh Evelyn,
Relator term editor.
776 08 - ADDITIONAL PHYSICAL FORM ENTRY
Relationship information Online version:
Title Women, crime and justice in context
Place, publisher, and date of publication Milton Park, Abingdon, Oxon ; New York, NY : Routledge, 2022
International Standard Book Number 9780429316975
Record control number (DLC) 2021039229
906 ## - LOCAL DATA ELEMENT F, LDF (RLIN)
a 7
b cbc
c orignew
d 1
e ecip
f 20
g y-gencatlg
942 ## - ADDED ENTRY ELEMENTS (KOHA)
Source of classification or shelving scheme Library of Congress Classification
Koha item type General books
Classification part HV6020
Item part .W66 2022
Holdings
Withdrawn status Lost status Source of classification or shelving scheme Damaged status Not for loan Collection code Home library Current library Shelving location Date acquired Source of acquisition Total Checkouts Full call number Barcode Date last seen Copy number Price effective from Koha item type
    Library of Congress Classification     Non-fiction PAC UNIVERSITY PAC UNIVERSITY General Stacks 26/02/2024 Purchase   HV6020 .W66 2022 27826 26/02/2024 C.1 26/02/2024 General books
    Library of Congress Classification     Non-fiction PAC UNIVERSITY PAC UNIVERSITY General Stacks 26/02/2024 Purchase   HV6020 .W66 2022 27827 26/02/2024 C.2 26/02/2024 General books

Richard Ondeng' Library |56875-00200,Nairobi | Kenya
Tel: +254-20-2013146 / 2076894 | Mobile: 0721-932050, 0734-400694
Email: enquiries@pacuniversity.ac.ke| Website: www.pacuniversity.ac.ke
Powered by PAC University ICT Department